Представление документа в формате MARC21

ПолеНазваниеЗначение
  Тип записи a
  Библиографический уровень m
001 Контрольный номер RU\infra-m\znanium\bibl\2218674
005 Дата корректировки 20260429142214.8
008 Кодируемые данные 251216s2025 RU g rus u
020 Индекс ISBN __
a ISBN 978-5-16-021290-6
020 Индекс ISBN __
a ISBN 978-5-16-108906-4 (электр. издание)
040 Источник каталогиз. __
a Служба первич. каталог. Общество с ограниченной ответственностью «ЗНАНИУМ»
041 Код языка издания __
a Код языка текста rus
044 Код страны публикации __
a Код страны публикации RU
080 Индекс УДК __
a Индекс УДК 379.85(075.32)
084 Индекс другой классификации/Индекс ББК __
2 Источник индекса rubbk
a Индекс другой классификации/Индекс ББК 75.81я723
084 Индекс другой классификации/Индекс ББК __
2 Источник индекса okso
a Индекс другой классификации/Индекс ББК 43.02.16
084 Индекс другой классификации/Индекс ББК __
2 Источник индекса okso
a Индекс другой классификации/Индекс ББК 43.02.17
100 Автор __
a Автор Кнышова Е.Н.
q Полное имя Кнышова Елена Николаевна
u Дополнение Государственный университет управления
245 Заглавие __
a Заглавие Менеджмент гостеприимства
b Продолж. заглавия Учебное пособие
c Ответственность Государственный университет управления
250 Сведения об издании __
a Основные сведения об издании 1
260 Выходные данные __
a Место издания Москва
b Издательство ООО "Научно-издательский центр ИНФРА-М"
c Дата издания 2026
300 Физическое описание __
a Объем 512 с.
440 Серия __
a Серия Среднее профессиональное образование
520 Аннотация __
a Аннотация В учебном пособии рассмотрены основные вопросы организации управления гостиничными предприятиями. Представленный материал содержит обзор теоретических основ менеджмента и анализ практики управления современными гостиничными комплексами. Освещены вопросы по истории развития гостеприимства науки и практики менеджмента дана характеристика тенденций развития мировой и отечественной индустрии гостеприимства рассмотрены управление персоналом гостиницы качество услуг конкуренция и конкурентоспособность комплексная безопасность гостиничного бизнеса антикризисное управление измерение и оценка эффективности деятельности современной гостиницы. Для студентов учреждений среднего профессионального образования обучающихся по специальностям 43.02.10 «Туризм» 43.02.11 «Гостиничный сервис». Книга может быть также интересна профессионалам туристического бизнеса и студентам высших учебных заведений.
521 Примеч. о цел. назн. __
a Примеч. о целев. назн. Среднее профессиональное образование
650 Тематические рубрики __
a Основная рубрика Управление (менеджмент)
x Основная подрубрика Менеджмент в туризме и сфере обслуживания
655 Указ. предметных рубрик (устаревшее) __
a Жанр/ форма (устаревшее) Учебное пособие
700 Другие авторы __
a Другие авторы Белозерова Ю.М.
q Полное имя Белозерова Юлия Михайловна
u Дополнение Государственный университет управления
856 Электронный адрес документа 4_
a Имя сервера/домена znanium.ru
m Помощь ebs_support@infra-m.ru
n Местонахождение сервера НИЦ ИНФРА-М
u URL https://znanium.ru/catalog/document?id=468083
856 Электронный адрес документа 48
a Имя сервера/домена znanium.ru
d Путь /cover/2218
f Электронное имя 2218674.jpg
q Тип электронного формата image/jpeg
u URL https://znanium.ru/cover/2218/2218674.jpg
911 __
u 0030=https://znanium.ru/catalog/document?id=468083